[Event "Match"]
[Site "www.echecsemail.com"]
[Date "2017.09.21"]
[Round "1"]
[White "Gambitmiau"]
[Black "Fangshuo"]
[WhiteElo "2000"]
[BlackElo "2040"]
[Result "0-1"]
[Round "1"]
1.e4 e6
2.d4 d5
3.e5 c5
4.Ng1f3 Nb8c6
5.Bf1b5 Qd8a5
6.Nb1c3 cxd4
7.Bb5xc6 bxc6
8.Bc1d2 dxc3
9.Bd2xc3 Bf8b4
10.Bc3d2 Bb4xd2
11.Nf3xd2 Bc8a6
12.c3 Ra8b8
13.Nd2b3 Qa5b6
14.Ra1b1 Ng8e7
15.Nb3d4 Ne7g6
16.b4 Ng6xe5
17.b5 Ba6xb5
18.Nd4xb5 cxb5
19.a4 Qb6a5
20.Qd1b3 Ne5d3
21.Ke2 Nd3c5
22.Qb3b4 Qa5xb4
23.Rb1xb4 Nc5xa4
24.Rh1c1 O-O
25.Kd3 a5
26.Rb4b3 Na4c5
27.Kc2 Nc5xb3
28.Kxb3 Rf8c8
{ resign }
0-1

[Event "Match"]
[Site "www.echecsemail.com"]
[Date "2017.09.21"]
[Round "1"]
[White "Micheles"]
[Black "Michel93"]
[WhiteElo "2520"]
[BlackElo "1809"]
[Result "1-0"]
[Round "1"]
1.d4 d5
2.Ng1f3 Ng8f6
3.Bc1g5 e6
4.Nb1d2 Bf8e7
5.e3 Nb8d7
6.Bf1d3 O-O
7.O-O c5
8.c3 b6
9.Nf3e5 Nd7xe5
10.dxe5 Nf6g4
11.Bg5xe7 Qd8xe7
12.Qd1xg4 { resign }
1-0

[Event "Match"]
[Site "www.echecsemail.com"]
[Date "2017.09.21"]
[Round "1"]
[White "Azocarwagner"]
[Black "Gambitmiau"]
[WhiteElo "1870"]
[BlackElo "1950"]
[Result "1-0"]
[Round "1"]
1.Ng1f3 Nb8c6
2.e4 d5
3.e5 Bc8g4
4.d4 Bg4xf3
5.Qd1xf3 Nc6xd4
6.Qf3d1 c5
7.Bc1e3 e6
8.Be3xd4 cxd4
9.Bf1b5 Ke7
10.O-O Qd8b6
11.a4 Kd8
12.Qd1d3 Bf8c5
13.Qd3g3 g6
14.Nb1d2 a6
15.Qg3h4 Ng8e7
16.Bb5d3 Kc7
17.Rf1b1 a5
18.Qh4f6 Ra8f8
19.b4 Bc5xb4
20.c3 dxc3
21.Rb1c1 Kb8
22.Nd2b1 Ne7c6
23.Bd3b5 Nc6d4
24.Nb1xc3 Nd4b3
25.Nc3xd5 Qb6d8
26.Qf6xd8 Rf8xd8
27.Nd5e3 Nb3xc1
28.Ra1xc1 Bb4d2
29.Rc1d1 Bd2xe3
30.Rd1b1 Be3d4
31.Rb1e1 Bd4c3
32.Re1c1 Bc3xe5
33.g3 Rd8d2
34.Rc1b1 Rh8d8
35.Kg2 Be5c3
36.Rb1c1 Bc3b4
37.h4 Rd8c8
38.Rc1b1 Rc8c2
39.Rb1f1 Bb4c5
40.Kf3 Rd2xf2
41.Rf1xf2 Rc2xf2
42.Kg4 Rf2h2
43.Bb5e8 f5
44.Kg5 Rh2h3
45.g4 Rh3g3
46.Kh6 Rg3xg4
47.Kxh7 Rg4xh4
48.Kg7 f4
49.Be8xg6 e5
50.Kf6 { resign }
1-0

[Event "Match"]
[Site "www.echecsemail.com"]
[Date "2017.09.21"]
[Round "1"]
[White "Whitekknight"]
[Black "Theo64"]
[WhiteElo "1950"]
[BlackElo "1729"]
[Result "1-0"]
[Round "1"]
1.d4 Ng8f6
2.c4 c5
3.Ng1f3 e6
4.Nb1c3 d5
5.cxd5 exd5
6.e3 Nb8c6
7.Bf1b5 cxd4
8.Nf3xd4 Bc8d7
9.Nd4xc6 Bd7xc6
10.Qd1b3 Qd8b6
11.O-O Bf8c5
12.Bb5xc6 bxc6
13.Qb3c2 O-O
14.Nc3a4 { resign }
1-0

[Event "Match"]
[Site "www.echecsemail.com"]
[Date "2017.09.21"]
[Round "1"]
[White "Sonny1000"]
[Black "Mrmoto"]
[WhiteElo "1550"]
[BlackElo "1690"]
[Result "0-1"]
[Round "1"]
1.e4 c5
2.c4 e5
3.Ng1f3 d6
4.Qd1a4 Nb8c6
5.a3 Bc8d7
6.Nb1c3 a6
7.h4 Nc6e7
8.Qa4b3 g6
9.Qb3xb7 Bd7c6
10.Qb7b3 Bf8g7
11.Nf3g5 h6
12.d3 hxg5
13.Bc1xg5 f6
14.Nc3d5 fxg5
15.Nd5xe7 Qd8xe7
16.Qb3b6 Qe7b7
17.Qb6xb7 Bc6xb7
18.g4 Ng8f6
19.Bf1g2 O-O-O
20.O-O-O Nf6xg4
21.Rd1d2 Rd8f8
22.Bg2h3 Rh8xh4
23.Rd2d1 Kc7
24.Rh1g1 Ng4xf2
25.Rd1d2 Nf2xh3
26.Rd2g2 Nh3xg1
27.Rg2xg5 Bg7h6
{ resign }
0-1

[Event "Match"]
[Site "www.echecsemail.com"]
[Date "2017.09.21"]
[Round "1"]
[White "Rindrandria"]
[Black "Ranjachess"]
[WhiteElo "1730"]
[BlackElo "1870"]
[Result "1-0"]
[Round "1"]
1.e4 e5
2.c4 Nb8c6
3.f4 d6
4.f5 g6
5.g4 h5
6.h4 Ng8f6
7.g5 Nf6xe4
8.f6 Bc8g4
9.Bf1e2 Bg4xe2
10.Ng1xe2 d5
11.Qd1b3 Nc6a5
12.Qb3b5 c6
13.Qb5a4 Na5xc4
14.d3 Ne4c5
15.Qa4c2 Nc4b6
16.b3 Qd8d6
17.a4 d4
18.Bc1a3 Qd6d5
19.Rh1h2 Nc5xb3
20.Ra1a2 c5
21.Nb1d2 Nb3xd2
22.Qc2xd2 Nb6xa4
23.Qd2c2 b5
24.Ba3c1 b4
25.Ne2g3 b3
26.Qc2d1 Na4c3
27.Qd1d2 bxa2
28.Bc1b2 Bf8d6
29.Bb2xc3 dxc3
30.Qd2xc3 a1Q
31.Qc3xa1 Qd5xd3
32.Qa1a4 Kd8
33.Ng3f1 c4
34.Qa4a6 Kc7
35.Rh2b2 Qd3c3
36.Rb2d2 Rh8d8
37.Ke2 e4
38.Nf1e3 Bd6f4
39.Ne3d5 Rd8xd5
40.Rd2xd5 Qc3b4
41.Rd5b5 Qb4d2
42.Kf1 Ra8d8
43.Rb5b7 Kc8
44.Qa6c6 Bf4c7
45.Qc6xc7 
1-0

[Event "Match"]
[Site "www.echecsemail.com"]
[Date "2017.09.21"]
[Round "1"]
[White "Cristiano"]
[Black "Begory"]
[WhiteElo "1640"]
[BlackElo "1409"]
[Result "1-0"]
[Round "1"]
1.e4 b6
2.d4 d5
3.exd5 Qd8xd5
4.Nb1c3 Qd5d8
5.Bc1e3 Bc8f5
6.Ng1f3 Nb8c6
7.Bf1b5 Bf5d7
8.O-O a6
9.Bb5d3 Ng8f6
10.a3 Bd7g4
11.Bd3e2 Bg4xf3
12.Be2xf3 e5
13.Bf3xc6 Ke7
14.Bc6xa8 exd4
15.Qd1xd4 Qd8xa8
16.Rf1e1 Ke8
17.Be3g5 Bf8e7
18.Bg5xf6 gxf6
19.Qd4xf6 { resign }
1-0

[Event "Match"]
[Site "www.echecsemail.com"]
[Date "2017.09.21"]
[Round "1"]
[White "Matthias"]
[Black "Dussek"]
[WhiteElo "1159"]
[BlackElo "1790"]
[Result "0-1"]
[Round "1"]
1.Ng1f3 d5
2.d4 e6
3.e3 Ng8f6
4.c3 Nb8c6
5.Bf1b5 Bc8d7
6.c4 Bf8b4
7.Bc1d2 Bb4e7
8.Nf3e5 Nc6xe5
9.b3 Ne5c6
10.O-O O-O
11.Nb1c3 a6
12.cxd5 Nf6xd5
13.Bb5xc6 Bd7xc6
14.Nc3xd5 Bc6xd5
15.Ra1c1 Ra8c8
16.Bd2a5 b6
17.Ba5e1 Qd8d7
18.f4 c5
19.Qd1h5 Bd5e4
20.g4 Be4g6
21.Qh5h3 h6
22.dxc5 Be7xc5
23.Be1f2 Qd7b7
24.g5 Bg6f5
25.Qh3h4 Qb7f3
26.gxh6 Qf3g4
27.Qh4xg4 Bf5xg4
28.hxg7 Kxg7
29.e4 Bc5xf2
30.Kxf2 Rc8d8
31.Rf1g1 Rd8d2
32.Ke3 Rd2e2
33.Kd3 Rf8d8
34.Kc4 Rd8c8
35.Kd3 Rc8xc1
36.Rg1xg4 Kf8
37.Kxe2 Rc1c2
38.Kf3 Rc2xh2
39.a4 Rh2b2
40.f5 Rb2xb3
41.Kf4 Ke7
 { time }
0-1

[Event "Tourn. n9524"]
[Site "www.chess-mail.com"]
[Date "2017.09.22"]
[Round "1"]
[White "Picifarkinca"]
[Black "Norlavuaram"]
[WhiteElo "2110"]
[BlackElo "2070"]
[Result "0-1"]
[Round "1"]
1.Ng1f3 Ng8f6
2.b3 g6
3.Bc1b2 Bf8g7
4.c4 O-O
5.d3 c5
6.Nb1c3 b6
7.g3 Bc8b7
8.Bf1g2 Nb8c6
9.O-O Ra8c8
10.e4 e6
11.Ra1c1 a6
12.Qd1e2 d5
13.e5 Nf6e8
14.a3 d4
15.Nc3a2 Qd8c7
16.Rf1e1 Qc7e7
17.Rc1b1 Ne8c7
18.Bb2c1 h6
19.Bc1d2 Nc6b8
20.b4 Bb7a8
21.bxc5 bxc5
{ resign }
0-1

[Event "Tourn. n9484"]
[Site "www.chess-mail.com"]
[Date "2017.09.22"]
[Round "1"]
[White "Hansen"]
[Black "Jjmcbride"]
[WhiteElo "1560"]
[BlackElo "1680"]
[Result "1-0"]
[Round "1"]
1.e4 e5
2.c3 Ng8f6
3.Ng1f3 d6
4.d4 d5
5.dxe5 Nf6xe4
6.Bf1d3 Ne4c5
7.b4 Nc5xd3
8.Qd1xd3 f6
9.h3 b6
10.exf6 Bc8e6
11.O-O gxf6
12.Rf1e1 Qd8d7
13.Nf3d4 Nb8c6
14.Re1xe6 Nc6e7
15.Qd3f5 O-O-O
{ time. }
1-0

[Event "Tourn. n9514"]
[Site "www.chess-mail.com"]
[Date "2017.09.22"]
[Round "1"]
[White "Picifarkinca"]
[Black "Bira47"]
[WhiteElo "2080"]
[BlackElo "2040"]
[Result "0-1"]
[Round "1"]
1.b3 c5
2.g3 e6
3.Bf1g2 Nb8c6
4.Bc1b2 Ng8f6
5.Ng1f3 d5
6.O-O Bf8e7
7.d3 h6
8.Nb1d2 b6
9.Nf3e5 Nc6xe5
10.Bb2xe5 Be7d6
11.Nd2f3 O-O
12.Be5xd6 Qd8xd6
13.d4 Bc8b7
14.Nf3e5 Nf6d7
15.Ne5xd7 Qd6xd7
16.c3 cxd4
17.cxd4 Ra8c8
18.Ra1c1 Rc8xc1
19.Qd1xc1 Rf8c8
20.Qc1b2 Qd7c6
{ resign }
0-1

[Event "Tourn. n9537"]
[Site "www.chess-mail.com"]
[Date "2017.09.22"]
[Round "1"]
[White "Cjood"]
[Black "Bojan"]
[WhiteElo "2010"]
[BlackElo "2000"]
[Result "1/2-1/2"]
[Round "1"]
1.c3 d5
2.g3 e5
3.e4 d4
4.Qd1a4 Qd8d7
5.Qa4xd7 Bc8xd7
6.Ng1h3 c5
7.cxd4 cxd4
8.d3 h6
9.Bc1d2 Nb8c6
10.f4 Bf8d6
11.fxe5 Nc6xe5
12.Nh3f2 Ne5f3
13.Kd1 Nf3xd2
14.Nb1xd2 Ng8f6
15.Nd2c4 Bd6b4
16.a3 Bb4e7
17.Nc4e5 Bd7a4
18.Kc1 O-O
19.Kd2 Rf8c8
20.Ra1c1 Rc8xc1
21.Kxc1 Ra8c8
22.Kb1 Rc8c5
23.Ne5c4 b5
24.b4 Rc5c7
25.Nc4b2 Ba4b3
26.Bf1e2 Rc7c2
27.Be2d1 { draw }
1/2-1/2

[Event "Tourn. n9451"]
[Site "www.chess-mail.com"]
[Date "2017.09.22"]
[Round "1"]
[White "Lucaschess"]
[Black "Fantomas"]
[WhiteElo "2080"]
[BlackElo "1820"]
[Result "0-1"]
[Round "1"]
1.e4 c5
2.Nb1c3 d6
3.f4 Nb8c6
4.Ng1f3 Nc6d4
5.Bf1c4 e6
6.O-O a6
7.a4 Bc8d7
8.Nc3e2 Nd4c6
9.Ne2g3 Bf8e7
10.f5 e5
11.Bc4d5 Ng8f6
12.c4 Qd8c7
13.d3 h6
14.h3 a5
15.Ng3e2 Nc6b4
16.g4 Nf6xd5
17.cxd5 f6
18.Nf3h4 Rh8g8
19.Nh4g6 Kf7
20.Ne2g3 b5
21.b3 bxa4
22.bxa4 Be7d8
23.h4 Ke8
24.Ng3h5 Bd7c8
25.Rf1f3 Qc7f7
26.Rf3g3 Kd7
27.g5 hxg5
28.hxg5 Kc7
29.Qd1e2 Bc8d7
30.gxf6 gxf6
31.Bc1h6 Bd7e8
32.Kg2 Qf7h7
33.Bh6g7 Rg8xg7
34.Nh5xg7 Qh7xg7
35.Ng6xe5 Qg7e7
36.Ne5c4 Ra8a7
37.Qe2d2 Kc8
 { time }
0-1

[Event "Tourn. n9377"]
[Site "www.chess-mail.com"]
[Date "2017.09.22"]
[Round "1"]
[White "Thrillerfan"]
[Black "Jose"]
[WhiteElo "2219"]
[BlackElo "2810"]
[Result "0-1"]
[Round "1"]
1.c4 Ng8f6
2.Nb1c3 g6
3.e4 d6
4.d4 Bf8g7
5.Ng1f3 O-O
6.Bf1e2 e5
7.d5 a5
8.Bc1g5 h6
9.Bg5h4 Nb8a6
10.Nf3d2 Qd8e8
11.O-O Bc8d7
12.b3 Nf6h7
13.a3 h5
14.f3 Bg7h6
15.Ra1b1 Bh6e3
16.Kh1 Be3c5
17.Qd1c1 f5
18.exf5 gxf5
19.f4 e4
20.Rf1e1 Bc5e3
21.g3 Be3c5
22.Nd2f1 Bc5f2
23.Re1d1 Nh7f6
24.Nf1e3 Nf6g4
25.Be2xg4 hxg4
26.Kg2 Bf2xe3
27.Qc1xe3 Na6c5
28.Rd1d2 b5
29.h3 bxc4
30.hxg4 cxb3
31.gxf5 Bd7xf5
32.Rb1h1 Bf5g4
33.Kf1 Ra8b8
34.Rd2b2 Nc5d3
 { time }
0-1

[Event "Tourn. n9501"]
[Site "www.chess-mail.com"]
[Date "2017.09.22"]
[Round "1"]
[White "Fantomas"]
[Black "Panham"]
[WhiteElo "2080"]
[BlackElo "2220"]
[Result "0-1"]
[Round "1"]
1.c4 c6
2.e3 d5
3.d4 e6
4.Nb1c3 Ng8f6
5.Ng1f3 Nb8d7
6.Bf1d3 dxc4
7.Bd3xc4 Bf8e7
8.O-O O-O
9.Bc4b3 b6
10.Bb3c2 Bc8a6
11.Rf1e1 c5
12.d5 Qd8c7
13.e4 Be7d6
14.h3 Ra8d8
15.dxe6 fxe6
16.Bc2d3 c4
17.Bd3f1 Nd7e5
18.Nf3xe5 Bd6xe5
19.Qd1c2 Qc7b8
20.Qc2a4 Ba6b7
21.Qa4xc4 Kh8
22.Bc1e3 Qb8d6
23.Ra1d1 Qd6e7
24.f3 Rd8c8
25.Qc4b3 Nf6h5
26.Nc3e2 Qe7f7
27.Be3f2 Bb7xe4
28.Bf2d4 Be4d5
29.Qb3e3 Be5b8
30.Bd4c3 Qf7g6
31.Rd1d4 Rf8xf3
{ resign }
0-1

[Event "Tourn. n9520"]
[Site "www.chess-mail.com"]
[Date "2017.09.22"]
[Round "1"]
[White "Andychesston"]
[Black "Fantomas"]
[WhiteElo "2050"]
[BlackElo "2220"]
[Result "0-1"]
[Round "1"]
1.e4 c5
2.Ng1f3 d6
3.d4 cxd4
4.Nf3xd4 Nb8c6
5.Bf1b5 Bc8d7
6.Nb1c3 Ng8f6
7.Bc1g5 e6
8.O-O Bf8e7
9.Nd4xc6 bxc6
10.Bb5a4 Qd8c7
11.Qd1f3 h6
12.Bg5h4 O-O
13.Ra1d1 e5
14.Bh4xf6 Be7xf6
15.Rd1d3 Ra8d8
16.Rf1d1 Bf6e7
17.Rd1d2 Bd7e6
18.Qf3d1 Be6c4
19.Rd3g3 Be7h4
20.Rg3h3 Bh4g5
21.f4 Bg5xf4
22.Rd2d3 Bc4xd3
23.cxd3 d5
24.Qd1g4 d4
25.Nc3e2 Qc7a5
26.Rh3f3 Qa5e1
27.Rf3f1 Bf4e3
{ resign }
0-1

[Event "Tourn. n9518"]
[Site "www.chess-mail.com"]
[Date "2017.09.22"]
[Round "1"]
[White "Picifarkinca"]
[Black "Norlavuaram"]
[WhiteElo "2110"]
[BlackElo "2070"]
[Result "0-1"]
[Round "1"]
1.Ng1f3 Ng8f6
2.g3 g6
3.Bf1g2 Bf8g7
4.O-O O-O
5.d4 d5
6.e3 b6
7.Nb1d2 Bc8a6
8.Rf1e1 Nb8d7
9.e4 dxe4
10.Nd2xe4 Ba6b7
11.Ne4xf6 Nd7xf6
12.c4 Ra8c8
13.d5 c6
14.d6 exd6
15.Bc1f4 d5
16.cxd5 Nf6xd5
17.Bf4e5 f6
18.Be5d4 Rf8e8
19.b3 Re8xe1
20.Qd1xe1 Qd8e8
{ resign }
0-1

[Event "Tourn. n9518"]
[Site "www.chess-mail.com"]
[Date "2017.09.22"]
[Round "1"]
[White "Jesmantiz"]
[Black "Picifarkinca"]
[WhiteElo "2220"]
[BlackElo "2110"]
[Result "1-0"]
[Round "1"]
1.d4 e6
2.e3 f5
3.Bf1d3 Ng8f6
4.Nb1d2 d5
5.Ng1e2 Bf8d6
6.Ne2g3 O-O
7.O-O c5
8.c3 Nb8c6
9.a3 cxd4
10.exd4 Bc8d7
11.f4 Qd8b6
12.Nd2f3 Nf6e4
13.Qd1e2 g6
14.Bc1e3 a5
15.Nf3e5 Nc6xe5
16.fxe5 Bd6e7
17.Be3h6 Ne4xg3
18.hxg3 Rf8f7
19.g4 { resign }
1-0

[Event "Tourn. n9524"]
[Site "www.chess-mail.com"]
[Date "2017.09.22"]
[Round "1"]
[White "Xkafi"]
[Black "Picifarkinca"]
[WhiteElo "2000"]
[BlackElo "2120"]
[Result "1-0"]
[Round "1"]
1.e4 c5
2.d4 cxd4
3.Qd1xd4 Nb8c6
4.Qd4d1 e6
5.Bc1f4 Qd8f6
6.Bf4c1 Bf8c5
7.Ng1h3 h6
8.Nb1d2 d5
9.Bf1b5 Bc8d7
10.Nd2b3 { resign }
1-0

[Event "Tourn. n9509"]
[Site "www.chess-mail.com"]
[Date "2017.09.22"]
[Round "1"]
[White "Jazzy"]
[Black "Fantomas"]
[WhiteElo "2280"]
[BlackElo "2200"]
[Result "0-1"]
[Round "1"]
1.d4 d5
2.Ng1f3 Ng8f6
3.e3 e6
4.Bf1d3 Bf8d6
5.O-O O-O
6.c4 dxc4
7.Bd3xc4 b6
8.Nb1c3 Bc8b7
9.Qd1e2 c6
10.e4 Bd6e7
11.Bc1f4 a5
12.Ra1c1 Nb8a6
13.a3 b5
14.Bc4d3 b4
15.Nc3a4 bxa3
16.bxa3 Be7xa3
17.Rc1b1 Ba3b4
18.Rf1c1 Na6c7
19.Na4c5 Ra8a7
20.Qe2c2 Bb7a8
21.e5 Nf6d5
22.Bd3xh7 Kh8
23.Bf4g3 Nd5e7
24.Bh7e4 Nc7d5
25.Rb1b3 a4
26.Qc2e2 Ne7f5
27.Rb3xb4 Nf5xg3
28.hxg3 Nd5xb4
29.Nf3h4 Qd8g5
30.f4 Qg5h6
31.Qe2c4 Nb4d5
32.Nc5xa4 g5
33.Nh4f3 gxf4
34.Na4c5 fxg3
35.Rc1e1 Kg7
36.Qc4b3 Rf8h8
37.Kf1 Qh6h1
38.Nf3g1 Qh1h4
39.Ng1f3 Qh4f4
40.Kg1 Rh8h5
41.Be4xd5 cxd5
42.Qb3b6 Qf4h6
43.Kf1 Rh5h1
{ resign }
0-1

[Event "Tourn. n9497"]
[Site "www.chess-mail.com"]
[Date "2017.09.22"]
[Round "1"]
[White "Llcervello"]
[Black "Theo64"]
[WhiteElo "1650"]
[BlackElo "1729"]
[Result "0-1"]
[Round "1"]
1.e4 e6
2.a3 d5
3.f3 dxe4
4.f4 Bf8d6
5.Qd1g4 Ng8f6
6.Qg4xg7 Rh8g8
7.Qg7xg8 Nf6xg8
8.d4 Qd8f6
9.Ng1e2 Nb8c6
10.c3 Ng8e7
11.g3 Bc8d7
12.Bc1e3 Ne7d5
13.Kf2 Nc6e7
14.c4 Nd5xe3
15.Kxe3 Ne7f5
16.Kd2 Nf5xd4
17.Nb1c3 Nd4b3
{ resign }
0-1

[Event "Tourn. n9538"]
[Site "www.chess-mail.com"]
[Date "2017.09.22"]
[Round "1"]
[White "Caspito"]
[Black "Apdash"]
[WhiteElo "1870"]
[BlackElo "1949"]
[Result "0-1"]
[Round "1"]
1.e4 c5
2.b3 e5
3.Bc1b2 d6
4.Bf1c4 Ng8f6
5.Nb1c3 Bf8e7
6.Bc4d5 Nb8c6
7.Qd1f3 Nc6d4
8.Qf3d3 Nf6xd5
9.Nc3xd5 O-O
10.Ng1f3 Bc8e6
11.O-O f5
12.Bb2xd4 cxd4
13.Nd5xe7 Qd8xe7
14.c4 fxe4
15.Qd3xe4 Be6f5
16.Qe4d5 Kh8
17.Rf1e1 Bf5e6
18.Qd5e4 Rf8f4
19.Qe4d3 Ra8f8
20.h3 Be6xh3
21.Nf3xe5 dxe5
22.Qd3xh3 Qe7f6
23.f3 Qf6g5
24.Kf2 e4
25.Re1h1 h6
26.Qh3h5 Qg5xh5
27.Rh1xh5 exf3
28.g3 Rf4e4
29.Ra1e1 Re4xe1
30.Kxe1 f2
31.Kf1 Rf8f3
32.Rh5d5 Rf3d3
33.Kxf2 Rd3xd2
34.Kf3 Rd2xa2
35.Rd5xd4 Ra2b2
36.Rd4d3 Kh7
37.c5 Kg6
38.Kg4 h5
39.Kf4 Kh6
40.Rd3d6 g6
41.c6 bxc6
42.Rd6xc6 Rb2xb3
43.Rc6a6 Rb3b7
44.Ra6a1 Rb7f7
45.Ke4 Kg5
46.Ra1a3 Kg4
47.Ke5 g5
48.Ke4 Rf7e7
49.Kd4 h4
50.gxh4 Kxh4
51.Ra3a1 g4
52.Kc5 g3
53.Ra1h1 Kg4
54.Kd6 g2
{ resign }
0-1

[Event "Tourn. n9455"]
[Site "www.chess-mail.com"]
[Date "2017.09.22"]
[Round "1"]
[White "Cjood"]
[Black "Fabos12"]
[WhiteElo "1980"]
[BlackElo "1940"]
[Result "0-1"]
[Round "1"]
1.Ng1f3 d5
2.d4 Ng8f6
3.g3 Bc8f5
4.Bf1g2 e6
5.Bc1f4 Bf8d6
6.Bf4xd6 Qd8xd6
7.Nb1c3 a6
8.O-O O-O
9.a3 h6
10.e3 Nf6e4
11.Nc3xe4 Bf5xe4
12.Nf3d2 Be4xg2
13.Kxg2 Nb8d7
14.b4 Nd7b6
15.Ra1b1 Nb6a4
16.Rb1b3 b5
17.f4 Qd6e7
18.Nd2f3 f6
19.Nf3h4 Qe7f7
20.Qd1g4 Kh7
21.f5 e5
22.dxe5 fxe5
23.Nh4g6 Rf8e8
24.h4 Na4b6
25.h5 Nb6c4
26.Rf1d1 a5
27.bxa5 c6
28.e4 d4
29.Rd1d3 Nc4xa5
30.Rb3b4 Ra8b8
31.Ng6h4 Qf7a2
32.Rd3d2 c5
33.Rb4xb5 Na5c4
34.Rb5xb8 Re8xb8
35.f6 Nc4e3
36.Kf3 Ne3xg4
37.fxg7 Ng4e3
38.Nh4f5 Qa2xa3
39.Rd2d3 Qa3c1
40.c3 Ne3xf5
41.exf5 Qc1f1
42.Ke4 Qf1e2
43.Kd5 Qe2xd3
44.f6 dxc3
45.Kxe5 Rb8e8
{ resign }
0-1

[Event "Tourn. n9526"]
[Site "www.chess-mail.com"]
[Date "2017.09.22"]
[Round "1"]
[White "Comrade"]
[Black "Picifarkinca"]
[WhiteElo "2270"]
[BlackElo "2150"]
[Result "1-0"]
[Round "1"]
1.c4 Ng8f6
2.d4 e6
3.Nb1c3 Bf8b4
4.Bc1d2 O-O
5.e3 d5
6.cxd5 exd5
7.Ng1e2 Bc8g4
8.h3 Bg4h5
9.Qd1b3 Nb8c6
10.Ne2f4 Rf8e8
11.Bf1d3 Ra8b8
12.Nf4xd5 { resign }
1-0

[Event "Tourn. n9515"]
[Site "www.chess-mail.com"]
[Date "2017.09.22"]
[Round "1"]
[White "Picifarkinca"]
[Black "Hundegana"]
[WhiteElo "2080"]
[BlackElo "2000"]
[Result "0-1"]
[Round "1"]
1.b3 e5
2.Bc1b2 d6
3.c4 Bc8f5
4.d3 e4
5.dxe4 Bf5xe4
6.Nb1c3 Be4g6
7.g3 c6
8.Bf1g2 Ng8f6
9.Ng1f3 Bf8e7
10.O-O O-O
11.Nf3h4 Nb8d7
12.Nh4xg6 fxg6
13.Bg2h3 Nd7e5
14.Bh3e6 Kh8
15.e4 Qd8c7
16.f4 Ne5f7
17.Kh1 Nf7d8
18.Be6h3 Nd8f7
{ resign }
0-1

[Event "Tourn. n9511"]
[Site "www.chess-mail.com"]
[Date "2017.09.22"]
[Round "1"]
[White "Welberth"]
[Black "Picifarkinca"]
[WhiteElo "1900"]
[BlackElo "2080"]
[Result "1/2-1/2"]
[Round "1"]
1.d4 e6
2.e4 d5
3.Nb1d2 dxe4
4.Nd2xe4 Nb8d7
5.Ng1f3 Ng8f6
6.Bc1g5 Bf8e7
7.Ne4xf6 Be7xf6
8.Bg5xf6 Qd8xf6
{ draw }
1/2-1/2

[Event "Tourn. n9501"]
[Site "www.chess-mail.com"]
[Date "2017.09.22"]
[Round "1"]
[White "Panham"]
[Black "Picifarkinca"]
[WhiteElo "2220"]
[BlackElo "2080"]
[Result "1-0"]
[Round "1"]
1.e4 c6
2.d4 d5
3.exd5 Ng8f6
4.c4 cxd5
5.Nb1c3 dxc4
6.Bf1xc4 e6
7.Ng1f3 a6
8.O-O b5
9.Bc4b3 Bc8b7
10.Bc1g5 Bf8e7
11.Qd1e2 O-O
12.Rf1e1 Rf8e8
13.Ra1d1 Nb8d7
14.Nf3e5 Nf6d5
15.Bb3xd5 { resign }
1-0

[Event "Tourn. n9495"]
[Site "www.chess-mail.com"]
[Date "2017.09.22"]
[Round "1"]
[White "Jackbauer"]
[Black "Picifarkinca"]
[WhiteElo "1930"]
[BlackElo "2080"]
[Result "1-0"]
[Round "1"]
1.e4 c6
2.f4 d5
3.e5 Bc8f5
4.d3 e6
5.d4 Nb8d7
6.Ng1f3 Qd8b6
7.Nb1c3 Bf8b4
8.Bc1d2 Ng8h6
9.h3 f6
10.Bf1e2 O-O-O
11.a3 Bb4xc3
12.Bd2xc3 Kb8
13.O-O Bf5e4
14.Be2d3 Be4xf3
15.Qd1xf3 g6
16.b4 { resign }
1-0

[Event "Tourn. n9473"]
[Site "www.chess-mail.com"]
[Date "2017.09.22"]
[Round "1"]
[White "Liencam2"]
[Black "Lucaschess"]
[WhiteElo "2220"]
[BlackElo "2110"]
[Result "1-0"]
[Round "1"]
1.e4 e5
2.Ng1f3 Nb8c6
3.d4 exd4
4.c3 d5
5.exd5 Qd8xd5
6.cxd4 Bc8g4
7.Bf1e2 Bf8b4
8.Nb1c3 Bg4xf3
9.Be2xf3 Qd5c4
10.Qd1b3 Qc4xb3
11.axb3 Ng8e7
12.O-O O-O
13.Nc3b5 a5
14.Nb5xc7 Ra8d8
15.Nc7b5  { time }
1-0

[Event "Tourn. n9544"]
[Site "www.chess-mail.com"]
[Date "2017.09.22"]
[Round "1"]
[White "Apdash"]
[Black "Cjood"]
[WhiteElo "2040"]
[BlackElo "2000"]
[Result "1-0"]
[Round "1"]
1.e4 e5
2.Ng1f3 Nb8c6
3.Bf1c4 Ng8f6
4.d3 Bf8c5
5.Bc1g5 O-O
6.O-O d6
7.c3 a6
8.b4 Bc5a7
9.Qd1d2 Bc8e6
10.Nb1a3 Be6xc4
11.Na3xc4 b5
12.Nc4e3 Ba7xe3
13.Qd2xe3 Nc6a7
14.a4 bxa4
15.Ra1xa4 Na7b5
16.c4 Nb5a7
17.Ra4xa6 Qd8b8
18.Bg5xf6 gxf6
19.Rf1a1 Qb8xb4
20.Ra6xa7 Ra8b8
21.h3 c5
22.Qe3h6 Qb4c3
23.Qh6xf6 Qc3xd3
24.Nf3g5 Qd3xc4
25.Qf6h6 { resign }
1-0

[Event "Tourn. n9475"]
[Site "www.chess-mail.com"]
[Date "2017.09.22"]
[Round "1"]
[White "Jjmcbride"]
[Black "Passaroa25"]
[WhiteElo "1680"]
[BlackElo "1670"]
[Result "0-1"]
[Round "1"]
1.e4 c6
2.e5 d5
3.d4 Bc8e6
4.b3 f6
5.Ng1f3 Be6f7
6.exf6 exf6
7.Nb1c3 Qd8e7
8.Qd1e2 Qe7e6
9.Qe2e3 Ng8e7
10.Bf1d3 Ne7c8
11.Nc3e2 g5
12.Bd3f5 Qe6xe3
13.Bc1xe3 Nc8d6
14.Bf5d3 Bf8e7
15.g4 Nb8d7
16.h4 O-O-O
17.hxg5 fxg5
18.O-O h6
19.Rf1c1 Nd7f6
20.Nf3e5 { time. }
0-1

[Event "Tourn. n9437"]
[Site "www.chess-mail.com"]
[Date "2017.09.22"]
[Round "1"]
[White "Pdebonis"]
[Black "Obisporey"]
[WhiteElo "2700"]
[BlackElo "2590"]
[Result "1-0"]
[Round "1"]
1.e4 c6
2.d4 d5
3.e5 Bc8f5
4.Ng1f3 e6
5.Bf1e2 c5
6.Bc1e3 cxd4
7.Nf3xd4 Ng8e7
8.Nb1d2 Nb8c6
9.Nd2f3 Bf5e4
10.O-O Be4xf3
11.Nd4xf3 Qd8c7
12.c4 dxc4
13.Be2xc4 Ne7f5
14.Be3f4 h6
15.Ra1c1 Ra8d8
16.Qd1a4 a6
17.Qa4b3 Bf8e7
18.Bc4xe6 fxe6
19.Qb3xe6 Nf5d4
20.Nf3xd4 Rd8xd4
21.Bf4e3 Rd4d8
22.Rc1c4 Rh8f8
23.Qe6g6 Kd7
24.Rf1c1 Kc8
25.Kf1 Qc7xe5
26.Rc4xc6 Kb8
27.Rc6e6 Qe5b5
28.Kg1 Be7f6
29.Qg6g3 Ka8
30.Qg3c7 Qb5d7
31.Qc7xd7 Rd8xd7
32.b3 Bf6d4
33.Be3xd4 Rd7xd4
34.f3 Rf8d8
35.Rc1c7 Rd4d7
36.Rc7xd7 Rd8xd7
37.Kf2 Rd7d2
38.Re6e2 Rd2d7
39.f4 Ka7
40.f5 Kb6
41.g4 Kc5
42.h4 b5
43.Kf3 Rd7d3
44.Re2e3 Rd3d7
45.Re3e5 Kb4
46.g5 hxg5
47.hxg5 Ka3
48.Re5e2 a5
49.Re2h2 a4
50.bxa4 b4
51.a5 Rd7d5
52.Ke4 Rd5xa5
53.f6 { resign }
1-0

[Event "Tourn. n9514"]
[Site "www.chess-mail.com"]
[Date "2017.09.22"]
[Round "1"]
[White "Claymil"]
[Black "Picifarkinca"]
[WhiteElo "2060"]
[BlackElo "2080"]
[Result "1-0"]
[Round "1"]
1.c4 e6
2.Nb1c3 Ng8f6
3.g3 d5
4.cxd5 Nf6xd5
5.Bf1g2 c6
6.a3 Nb8d7
7.e3 Bf8e7
8.Ng1e2 Nd7f6
9.O-O O-O
10.d4 Nd5xc3
11.Ne2xc3 Qd8c7
12.b4 e5
13.dxe5 Qc7xe5
14.Bc1b2 Qe5d6
15.Qd1c2 Bc8g4
16.h3 Bg4h5
17.g4 Bh5g6
18.e4 Qd6d4
19.Ra1d1 Qd4c4
20.f3 Nf6d5
21.Qc2d3 Qc4xd3
22.Rd1xd3 Nd5b6
23.Rf1d1 Nb6c4
24.Bb2c1 Ra8d8
25.Nc3e2 Rd8xd3
26.Rd1xd3 Rf8d8
27.Ne2f4 Be7g5
28.Rd3xd8 { resign }
1-0

[Event "Tourn. n9464"]
[Site "www.chess-mail.com"]
[Date "2017.09.22"]
[Round "1"]
[White "Roque1"]
[Black "Picifarkinca"]
[WhiteElo "1980"]
[BlackElo "1940"]
[Result "1-0"]
[Round "1"]
1.e4 d6
2.d4 f5
3.Bf1d3 fxe4
4.Bd3xe4 Ng8f6
5.Nb1c3 d5
6.Nc3xd5 Kf7
7.Nd5xf6 exf6
8.Qd1h5 Ke7
9.Bc1e3 Qd8e8
10.Qh5c5 Kd8
11.Qc5d5 Nb8d7
12.Ng1e2 Bf8d6
13.O-O Nd7b6
14.Qd5b3 Qe8xe4
15.Qb3f7 Qe4g6
16.Qf7b3 Rh8e8
17.f4 Bc8e6
18.Qb3c3 { resign }
1-0

[Event "Match"]
[Site "www.echecsemail.com"]
[Date "2017.09.22"]
[Round "1"]
[White "Cjood"]
[Black "Aiko1603"]
[WhiteElo "1930"]
[BlackElo "1980"]
[Result "0-1"]
[Round "1"]
1.Ng1f3 c5
2.g3 Nb8c6
3.Bf1g2 g6
4.c3 Bf8g7
5.O-O Ng8f6
6.e3 O-O
7.Rf1e1 d5
8.d3 Bc8g4
9.Nb1d2 e5
10.Qd1b3 b6
11.h3 Bg4e6
12.d4 e4
13.Nf3g5 Qd8d7
14.Ng5xe6 Qd7xe6
15.dxc5 bxc5
16.a4 Ra8b8
17.Qb3a2 Nc6a5
18.b4 cxb4
19.cxb4 Rb8xb4
20.Bc1a3 Rb4xa4
21.Qa2c2 Ra4xa3
22.Ra1xa3 Na5c6
23.Qc2c5 Nf6d7
24.Qc5c1 Nc6b4
25.Qc1c3 Bg7xc3
26.Ra3xc3 a5
27.Re1c1 Nd7b6
28.Rc3c5 Rf8c8
29.Rc5xc8 Nb6xc8
30.Rc1a1 Qe6a6
{ resign }
0-1

[Event "Match"]
[Site "www.echecsemail.com"]
[Date "2017.09.22"]
[Round "1"]
[White "Sonny1000"]
[Black "Iko"]
[WhiteElo "1470"]
[BlackElo "1610"]
[Result "0-1"]
[Round "1"]
1.d4 d5
2.Nb1c3 Ng8f6
3.f3 e6
4.Nc3b5 Bc8d7
5.h4 Bd7xb5
6.Ng1h3 Nf6h5
7.Bc1g5 f6
8.Bg5d2 f5
9.Nh3g5 Qd8d6
10.Rh1h3 Nb8c6
11.a4 Bb5a6
12.e3 Ba6xf1
13.f4 Bf8e7
14.Kxf1 Be7xg5
15.Qd1xh5 g6
16.Qh5xg5 Nc6b4
17.Qg5f6 Qd6f8
18.Qf6xe6 Kd8
19.Qe6xd5 Nb4xd5
20.Ra1a3 Nd5b4
21.Bd2xb4 Qf8xb4
22.e4 fxe4
23.Rh3b3 Qb4a5
24.Rb3xb7 Qa5a6
25.Kg1 Qa6xb7
26.Ra3b3 Qb7d5
27.Kf2 Qd5xd4
28.Rb3e3 Rh8f8
29.g3 Qd4xb2
30.Re3xe4 Qb2xc2
31.Ke3 Rf8e8
32.Re4xe8 Kxe8
33.a5 Ra8d8
34.Kf3 Rd8d3
35.Kg4 Qc2g2
{ resign }
0-1